000 00787nam a2200253Ia 4500
003 GCL
008 140319s9999 xx 000 0 ara d
020 _a0078209977
040 _aGCL /
_cGCL
082 0 4 _aط
_b500.2
_bد م
100 1 _aآموس، جانين
245 1 0 _aمكتبة الشروق المصورة : تلوث البيئة /
_cآموس، جانين
700 1 _aامل الشاذلى
250 _aالاولى
260 _aالقاهرة :
_bدار الشروق ،
_c2002
300 _a32 ص ؛
_c21 سم
490 _aمكتبة الشروق المصورة
_v0
650 0 4 _aتلوث البيئة
650 0 4 _aحماية البيئة
650 0 4 _aالمعرفة
650 0 4 _aكتب الاطفال
650 0 4 _aالبيئة - علم
942 _2ddc
_cBK
999 _c9594
_d9594